000 00823nam a2200205 a 4500
008 090526s2008 ||||||||||||||||| || u
020 _a9780387777139
050 _aJZ 1318 Hea
100 _aHeap, Peter C
245 1 0 _aGlobalization and summit reform: an experiment in internartional governance
_cBy Heap, Peter C.
260 _aOttawa:
_bInternational Development Research Center
_c2008
300 _axiv, 107p.: ill.
350 _a0.00
650 _aSUMMIT MEETINGS
650 0 _aINTERNATIONAL COOPERATION
650 _aINTERNATIONAL ORGANIZATION
650 _aORGANIZATION
710 _aInternational Development Research Centre (Canada)
995 _D0.00
_FCBU-MAIN LIBRARY (Kitwe)
_H1
_I0.00
_M1
_UAVAILABLE
_WJun 25, 2009
_ZMain Library Open Access Collection
999 _c44729
_d44729